000 00685nam a22001935i 4500
001 164007
003 ES-MaACL
005 20230906212844.0
008 050817s1839 fr | |||||||| ||fre d
040 _aCAM
_bspa
_cCAM
100 1 _aRoujoux, Prudence Guillaume
_cBaron de.
_9132096
245 1 0 _aHistoire des rois et des ducs de Bretagne /
_cpar M. de Roujoux.
250 _aNouv. éd.
260 _aParis :
_bDuféy,
_c1839 (
_fImprimerie d'Amédée Saintin)
300 _a4 v. (XIX, 459; [4], 438; VII, 440; [4], 500 p.) ;
_c21 cm.
651 4 _aGran Bretaña-
_xRealeza.
_9137198
651 4 _aGran Bretaña-
_xNobleza.
_9137196
852 _aES-MaACL
_jC-3287-3290
_z-- Enc. hol.
999 _c164007
_d164007